[Event "BCF-chT4 0708 (4NCL)"]
[Site "England"]
[Date "2008.03.16"]
[Round "8.3"]
[White "Foster, Caroline"]
[Black "Littlejohns, David"]
[Result "0-1"]
[WhiteElo "1560"]
[BlackElo "2090"]
[PlyCount "70"]
[EventDate "2007.09.15"]
[EventType "team-swiss"]
[EventRounds "11"]
[EventCountry "ENG"]
[SourceTitle "EXT 2009"]
[Source "ChessBase"]
[SourceDate "2008.11.26"]
[SourceVersion "1"]
[SourceVersionDate "2008.11.26"]
[SourceQuality "1"]
[WhiteTeam "Conquistadors II"]
[BlackTeam "Bristol II"]
[WhiteTeamCountry "ENG"]
[BlackTeamCountry "ENG"]

1. d4 c6 2. Nf3 Nf6 3. e3 d5 4. Bd3 Bg4 5. Nbd2 e6 6. h3 Bxf3 7. Nxf3 Bd6 8. 0-0 0-0 9. c3 Nbd7 10. Re1 Rc8 11. e4 dxe4 12. Bxe4 Nxe4 13. Rxe4 Nf6 14. Re1 h6 15. Ne5 Bxe5 16. dxe5 Qxd1 17. Rxd1 Nd5 18. Re1 Rfd8 19. Be3 Nxe3 20. Rxe3 Rd2 21. Rb1 Rcd8 22. Kf1 Rc2 23. Re2 Rdd2 24. Rxd2 Rxd2 25. Ke1 Rc2 26. Rd1 Rxb2 27. Rd8+ Kh7 28. Rd7 Kg6 29. Rd2 Rxd2 30. Kxd2 Kf5 31. g3 Kxe5 32. f3 h5 33. Ke3 b5 34. g4 hxg4 35. fxg4 g5 0-1

[Event "BCF-chT4 0708 (4NCL)"]
[Site "England"]
[Date "2007.10.27"]
[Round "1.3"]
[White "Foster, Caroline"]
[Black "Woods, Timothy J"]
[Result "1/2-1/2"]
[WhiteElo "1490"]
[BlackElo "1940"]
[PlyCount "44"]
[EventDate "2007.09.15"]
[EventType "team-swiss"]
[EventRounds "11"]
[EventCountry "ENG"]
[SourceTitle "EXT 2009"]
[Source "ChessBase"]
[SourceDate "2008.11.26"]
[SourceVersion "1"]
[SourceVersionDate "2008.11.26"]
[SourceQuality "1"]
[WhiteTeam "Conquistadors II"]
[BlackTeam "Sussex Smart Controls"]
[WhiteTeamCountry "ENG"]
[BlackTeamCountry "ENG"]

1. d4 d6 2. Nf3 g6 3. g3 Bg7 4. Bf4 Nf6 5. Bg2 0-0 6. 0-0 a6 7. Nbd2 Nbd7 8. c3 Nh5 9. Be3 e5 10. Qc2 Qe8 11. Nh4 Rb8 12. Bf3 Nhf6 13. Rad1 Nb6 14. c4 exd4 15. Bxd4 Nbd7 16. e4 Ne5 17. Bg2 Nc6 18. Bc3 Be6 19. b3 Qc8 20. Rfe1 Bh3 21. Nhf3 Nh5 22. Qb2 Bxc3 1/2-1/2

[Event "BCF-chT4 0607 (4NCL)"]
[Site "Sunningdale"]
[Date "2007.03.25"]
[Round "8.174"]
[White "Foster, Caroline"]
[Black "Hale, Sue"]
[Result "1-0"]
[WhiteElo "1490"]
[BlackElo "1345"]
[PlyCount "59"]
[EventDate "2006.09.16"]
[EventType "team"]
[EventRounds "11"]
[EventCountry "ENG"]
[SourceTitle "EXT 2008"]
[Source "ChessBase"]
[SourceDate "2007.11.25"]
[SourceVersion "1"]
[SourceVersionDate "2007.11.25"]
[SourceQuality "1"]
[WhiteTeam "Conquistadors II"]
[BlackTeam "Guildford V"]
[WhiteTeamCountry "ENG"]
[BlackTeamCountry "ENG"]

1. d4 Nf6 2. Nf3 d6 3. e3 Nc6 4. c3 e5 5. d5 e4 6. dxc6 exf3 7. Qxf3 d5 8. Bb5 Bd6 9. cxb7+ Bd7 10. Bxd7+ Kxd7 11. bxa8Q Qxa8 12. c4 Qf8 13. cxd5 Qe7 14. Nc3 Qe5 15. Bd2 h5 16. h3 Rb8 17. Rb1 g6 18. b3 Rb4 19. Na4 Qe7 20. Bxb4 Bxb4+ 21. Ke2 Nh7 22. Rhd1 f5 23. Kf1 Qd6 24. Qf4 Qe7 25. Rbc1 Bd6 26. Qd4 c5 27. Nxc5+ Ke8 28. Qa4+ Kf7 29. Ne6 Qh4 30. Qxh4 1-0

[Event "BCF-chT4 0607 (4NCL)"]
[Site "Sunningdale"]
[Date "2007.02.11"]
[Round "6.6"]
[White "Maguire, Robert"]
[Black "Foster, Caroline"]
[Result "1-0"]
[WhiteElo "1795"]
[BlackElo "1490"]
[PlyCount "95"]
[EventDate "2006.09.16"]
[EventType "team"]
[EventRounds "11"]
[EventCountry "ENG"]
[SourceTitle "EXT 2008"]
[Source "ChessBase"]
[SourceDate "2007.11.25"]
[SourceVersion "1"]
[SourceVersionDate "2007.11.25"]
[SourceQuality "1"]
[WhiteTeam "Warwicks Select II"]
[BlackTeam "Conquistadors II"]
[WhiteTeamCountry "ENG"]
[BlackTeamCountry "ENG"]

1. e4 e6 2. d4 d5 3. e5 f6 4. Nf3 Nc6 5. Nc3 fxe5 6. Nxe5 Nxe5 7. dxe5 Bb4 8. Bd2 Bxc3 9. Bxc3 Qh4 10. Qf3 Ne7 11. g3 Qe4+ 12. Qxe4 dxe4 13. Bg2 e3 14. f4 0-0 15. Bb4 Kf7 16. Bxe7 Kxe7 17. 0-0-0 Rb8 18. Rhe1 b6 19. Rxe3 Ba6 20. Bc6 Rbd8 21. Ra3 Rxd1+ 22. Kxd1 Rd8+ 23. Ke1 Bc4 24. Rxa7 Bd5 25. Rxc7+ Kf8 26. Bxd5 Rxd5 27. Rc6 Rc5 28. Rxc5 bxc5 29. Kd2 Ke7 30. Kc3 Kd7 31. Kc4 Kc6 32. a4 Kb6 33. a5+ Kxa5 34. Kxc5 Ka6 35. Kd6 Kb5 36. Kxe6 Kc4 37. Kd7 Kd4 38. e6 Ke3 39. e7 Kd2 40. e8Q Kxc2 41. Qe3 Kxb2 42. Kc6 Kc2 43. Kb5 g5 44. f5 g4 45. Kc4 h5 46. Qc3+ Kb1 47. Qd2 Ka1 48. Kb3 1-0